00446nam a2200109Ia 4500008004100000100002100041245012000062260003300182300001700215650001900232856008500251160712s9999 xx 000 0 und d aTurgo, Nelson N. cNelson N. Turgoa“Bugabug ang dagat” (Rough seas): Experiencing Foucault’s heterotopia in fish trading houses c2012bSocial Science Diliman avol. 8 no. 1 xSOCIAL SCIENCE uhttp://journals.upd.edu.ph/index.php/socialsciencediliman/issue/view/346/showToc